| 000 | 00642nai a2200205Ia 4500 | ||
|---|---|---|---|
| 003 | IN-BaIIA | ||
| 008 | 211028c9999 xx s 000 0 eng d | ||
| 022 | _a0002936X (Print) | ||
| 022 | _a15387488 (Online) | ||
| 040 | _cIIA Library | ||
| 245 | 4 |
_aThe American Journal of Nursing _h[eJournal] |
|
| 260 |
_aNew York _bLippincott Williams & Wilkins |
||
| 310 | _aMonthly | ||
| 362 | _a1(1); 1900 - 114(12); 2015 | ||
| 521 | _bSubscribed through IIA Library | ||
| 650 | _a Medicine & Allied Health | ||
| 650 | _aHealth Sciences | ||
| 856 |
_uhttps://www.jstor.org/journal/americanjnursing _yClick Here to Access eJournal |
||
| 942 | _cEJ | ||
| 999 |
_c35763 _d35763 |
||